LEADER 01265nam a2200289 i 4500 001 000000171678 003 CaOOAMICUS 005 20130628000000.0 008 130628s2006 it u000 u ita u 013 $a149110 020 $a88-15-11505-6 040 $aSeMil$bita 100 1 $aGalavotti, Enrico,$d<1971- >.$0(OLS)http://semarc/name/2247 245 13$aIl giovane Dossetti :$bgli anni della formazione : 1913-1939 /$cEnrico Galavotti. 260 $aBologna :$bIl Mulino,$ccopyr. 2006. 300 $a250 p. ;$c21 cm. 490 0 $aTesti e ricerche di scienze religiose. N.s. ;$v38 500 $aContiene : Appendice. - Fondo card. C.M. Martini. 600 14$aDossetti, Giuseppe <1913-1996>.$0(OLS)http://semarc/subject/3977 830 0$aTesti e ricerche di scienze religiose. Nuova serie ;$v38.$0(OLS)http://semarc/title/1562 850 $aSeMil 852 $aSeMil$W1$xVenegono$y1$m3J III 352$j122543$B122543$CSeMilBibl$Z2$F134828 $81 941 1 $a4 961 $aLascito: Martini Card. Carlo Maria 996 $6020$a88-15-11505-6$9(OLS)http://semarc/number/158846 996 $6245$aIl giovane Dossetti :$bgli anni della formazione : 1913-1939$9(OLS)http://semarc/title/245645 996 $6260$aBologna :$bIl Mulino$9(OLS)http://semarc/publisher/29842 LEADER 01336nam a2200289 i 4500 001 000000227996 003 CaOOAMICUS 005 20140312000000.0 008 140312s2008 it u000 u ita u 013 $a206898 020 $a978-88-7332-276-4 040 $aSeMil$bita 100 1 $aOgliari, Francesco <1931->.$0(OLS)http://semarc/name/5833 245 12$aA Milán se dis inscí :$bi modi di dire piů caratteristici e suggestivi della lingua meneghina /$cFrancesco Ogliari, Franco Fava. 260 $aMilano :$bSelecta,$c2008. 300 $a77 p. :$bill. ;$c24 cm. 490 0 $aMilanin Milanon 650 4$aDialetti italiani - Lombardia - Milano - Dizionari.$0(OLS)http://semarc/subject/8823 650 4$aMilano - Proverbi.$0(OLS)http://semarc/subject/40327 700 1 $aFava, Franco,$d<1946-2009>.$0(OLS)http://semarc/name/5782 830 0$aMilanin Milanon.$0(OLS)http://semarc/title/40163 850 $aSeMil 852 $aSeMil$W1$xVenegono$y1$m3O III 141$j178342$B178342$CSeMilBibl$Z2$F189573 $81 961 $aOmaggio: Altro 996 $6020$a978-88-7332-276-4$9(OLS)http://semarc/number/229865 996 $6245$aA Milán se dis inscí :$bi modi di dire piů caratteristici e suggestivi della lingua meneghina$9(OLS)http://semarc/title/326333 996 $6260$aMilano :$bSelecta$9(OLS)http://semarc/publisher/32023